Statistiken für Alle Vereine der deutschen Profiligen

Klicken Sie hier um das Quiz zu spielen!

Allgemein

  • Dieses Quiz wurde 367 mal gespielt
    (209 seit der letzten Aktualisierung)
  • Das Durchschnittsergebnis liegt bei 43 aus 56

Antwortstatistiken

Verein% Korrekt
FC Bayern München
99%
1. FC Union Berlin
95%
FC Schalke 04
94%
Hertha BSC Berlin
94%
SV Werder Bremen
94%
Bayer 04 Leverkusen
93%
SSV Markranstädt
92%
Eintracht Frankfurt
91%
Borussia Mönchengladbach
90%
Hamburger SV
90%
VfL Wolfsburg
90%
FC Augsburg
89%
VfB Stuttgart
89%
1. FSV Mainz 05
88%
Borussia Dortmund
87%
TSG 1899 Hoffenheim
87%
VfL Bochum
87%
1. FC Nürnberg
86%
SC Freiburg
84%
1. FC Köln
83%
FC St. Pauli
82%
Fortuna Düsseldorf
82%
SG Dynamo Dresden
82%
SpVgg Greuther Fürth
82%
Arminia Bielefeld
81%
1. FC Kaiserslautern
80%
Hannover 96
79%
Holstein Kiel
79%
SV Darmstadt 98
78%
1. FC Heidenheim
76%
FC Hansa Rostock
76%
SV Waldhof Mannheim
75%
Eintracht Braunschweig
74%
SC Paderborn 07
74%
1. FC Magdeburg
73%
TSV 1860 München
73%
Borussia Dortmund II
70%
Karlsruher SC
69%
SV Wehen Wiesbaden
69%
SSV Jahn Regensburg
68%
SV Sandhausen
68%
FC Ingolstadt 04
67%
Rot-Weiss Essen
67%
SC Freiburg II
67%
VfL Osnabrück
67%
1. FC Saarbrücken
65%
MSV Duisburg
65%
SV Elversberg
65%
FC Erzgebirge Aue
60%
Hallescher FC
58%
FC Viktoria Köln
54%
FSV Zwickau
50%
VfB Oldenburg
50%
SpVgg Bayreuth
45%
SV Meppen
45%
SC Verl
44%

Verteilung der Resultate

Perzentil nach korrekt beantworteten Fragen

Anzahl Personen mit jedem Resultat

Ihre Resultats-Entwicklung

Sie haben dieses Quiz seit der letzten Aktualisierung nicht gespielt